ՀՀ Գիտությունների ազգային ակադեմիայի հիմնարար գիտական գրադարան  =   Fundamental Scientific Library of NAS RA

Актуальные проблемы авиационной науки и техники / (Record no. 297595)

MARC details
000 -LEADER
fixed length control field 01108nam a2200217 u 4500
001 - CONTROL NUMBER
control field 000824610
003 - CONTROL NUMBER IDENTIFIER
control field AM-YeHGA
005 - DATE AND TIME OF LATEST TRANSACTION
control field 20250617144624.0
008 - FIXED-LENGTH DATA ELEMENTS--GENERAL INFORMATION
fixed length control field 110725s1984 ru r 000 0 rus d
040 ## - CATALOGING SOURCE
Original cataloging agency AM-YeHGA
041 0# - LANGUAGE CODE
Language code of text/sound track or separate title rus
090 ## - LOCALLY ASSIGNED LC-TYPE CALL NUMBER (OCLC); LOCAL CALL NUMBER (RLIN)
-- 299289
245 00 - TITLE STATEMENT
Title Актуальные проблемы авиационной науки и техники /
Statement of responsibility, etc. [Редкол.: М. А. Лаврентьев (пред.) и др.].
260 ## - PUBLICATION, DISTRIBUTION, ETC.
Place of publication, distribution, etc. Москва :
Name of publisher, distributor, etc. Машиностроение,
Date of publication, distribution, etc. 1984.
300 ## - PHYSICAL DESCRIPTION
Extent 278 с. :
Other physical details ил.
500 ## - GENERAL NOTE
General note В надзаг. также: АН ССР, М-во высш. и сред. спец. образования СССР, Нац. ком. СССР по теорет. и прикл. механике, Моск. авиац. ин-т им. Серго Орджоникидзе
504 ## - BIBLIOGRAPHY, ETC. NOTE
Bibliography, etc. note Библиогр. в конце ст.
653 0# - INDEX TERM--UNCONTROLLED
Uncontrolled term Авиационные конструкции - Сборники
653 0# - INDEX TERM--UNCONTROLLED
Uncontrolled term Авиационные материалы - Сборники
700 1# - ADDED ENTRY--PERSONAL NAME
Personal name Лаврентьев, Михаил Алексеевич
Relator term ред.
Relationship edt
Holdings
Withdrawn status Lost status Damaged status Not for loan Collection Home library Current library Date acquired Total checkouts Full call number Barcode Date last seen Price effective from Koha item type Public note
        General Fundamental Scientific Library Fundamental Scientific Library 09/01/2017   PII/518068 FL0200259 09/01/2017 09/01/2017 Գրքեր / Books 30 Days Loan


ՀՀ ԳԱԱ հիմնարար գիտական գրադարան
ՀՀ,Երևան 0019
Մարշալ Բաղրամյան 24/6
հեռախոս:(374-10) 52-47-50
Հետադարձ կապ

All site content, except where otherwise noted, is licensed under a
Creative Commons License